Statistiques concernant 42 personnages de Game Of Thrones

Cliquez ici pour prendre le quiz!

Statistiques générales

  • Ce quiz a été pris 1 216 fois
  • Le résultat moyen est 25 sur 42

Statistiques - réponses

Réponse% Correct
Jon Snow
99%
Tyrion Lannister
95%
Arya Stark
93%
Cersei Lannister
89%
Queen Daenerys Stormborn of the House Targaryen, the First of Her Name, Queen of the Andals, the Rhoynar and the First Men, Lady of the Seven Kingdoms and Protector of the Realm, Lady of Dragonstone, Khaleesi of the Great Grass Sea, the Unburnt and Mother of Dragons
87%
Ser Jaime Lannister
84%
Lord Eddard Stark
82%
Sansa Stark
82%
Brandon Stark
81%
Theon Greyjoy
79%
Ser Jorah Mormont
76%
Robb Stark
75%
Lord Varys
71%
Joffrey Baratheon
70%
Samwell Tarly
70%
Khal Drogo
69%
Hodor
68%
Lord Tywin Lannister
68%
Lady Catelyn Stark
67%
Stannis Baratheon
65%
Lady Brienne of Tarth
64%
Ramsay Bolton
64%
Missendei
63%
Ser Sandor Clegane
62%
Petyr Baelish
61%
Margaery Tyrell
57%
Ygritt
56%
Shae
55%
Lady Melisandre
54%
Bronn
53%
Gilly
47%
Ser Davos Seaworth
45%
Osha
37%
The High Sparrow
34%
Talisa Stark
30%
Jojen Reed
28%
Grand Maester Pycell
27%
Ser Barristan Selmy
27%
Edmure Tully
23%
Maester Luwin
23%
Jaqen H'Ghar
21%
Ser Loras Tyrell
16%

Distribution des résultats

Percentile par nombre de réponses

% des personnes avec chaque résultat

Votre développement - résultats

Vous n’avez pas pris ce quiz